Harry Potter Family Tree - Statistics

General Stats
  • This quiz has been taken 3,481 times
  • The average score is 23 of 32
Answer Stats
Hint Answer % Correct
Mother Lily Potter
99%
Son Harry Potter
98%
Father James Potter
98%
Twin #1 Fred Weasley
95%
Twin #2 George Weasley
95%
Daughter Ginny Weasley
95%
Son Ron Weasley
95%
Godfather Sirius Black
95%
Mother Molly Weasley
94%
Oldest Son Bill Weasley
93%
3rd Oldest Son Percy Weasley
93%
Father Arthur Weasley
92%
2nd Oldest Son Charlie Weasley
92%
Daughter Hermione Granger
79%
Son Neville Longbottom
78%
Son Draco Malfoy
77%
Father Lucius Malfoy
75%
Mother Narcissa Malfoy
73%
Aunt Bellatrix Lestrange
68%
Father Frank Longbottom
68%
Mother Alice Longbottom
67%
Daughter Luna Lovegood
65%
Father Xenophilius Lovegood
57%
Oldest Son Albus Dumbledore
48%
Grandmother Augusta Longbottom
47%
Youngest Son Aberforth Dumbledore
39%
Daughter Ariana Dumbledore
39%
Father Mr Granger
39%
Mother Mrs Granger
39%
Mother Kendra Dumbledore
28%
Father Percival Dumbledore
27%
Mother Pandora Lovegood
26%
No matching quizzes found
Score Distribution
Percent of People with Each Score
Percentile by Number Answered
Your Score History
You have not taken this quiz